[Event "Olympiad Women 2024"]
[Site "Budapest HUN"]
[Date "2024.09.18"]
[Round "7.52"]
[Board "1"]
[White "De Blecourt, Sandra"]
[Black "Ghitza, Elena"]
[Result "1-0"]
[WhiteElo "2065"]
[BlackElo "1817"]
[PlyCount "89"]
[EventDate "2024.09.11"]
[WhiteTeam "Denmark"]
[BlackTeam "Malta"]
[WhiteTeamCountry "DEN"]
[BlackTeamCountry "MLT"]

1. d4 d5 2. c4 c6 3. cxd5 cxd5 4. Bf4 Nc6 5. Nc3 a6 6. e3 Nf6 7. Bd3 e6 8. Rc1 Bb4 9. Nf3 O-O 10. O-O h6 ({RR} 10... Bd7 11. Ne5 Nxe5 12. Bxe5 Rc8 13. Qb3 Bxc3 14. Rxc3 Bc6 15. Rfc1 Ra8 16. f3 Re8 17. Qc2 g6 18. Bg3 Qa5 19. a3 Qd8 20. Qf2 Nh5 21. f4 Nxg3 22. Qxg3 Qc7 23. Bb1 Kh8 24. Qh3 Rec8 25. Qg3 {½-½ Skjoldebrand,M (1884)-Arun,R (1693) Reykjavik Open 2024 (7.139)}) 11. h3 Na5 $146 ({RR} 11... Bd7 12. a3 Be7 13. Na4 Ne4 14. Bxe4 dxe4 15. Nd2 f5 16. Nc5 b5 17. d5 exd5 18. Ndb3 Bc8 19. Nxe4 dxe4 20. Rxc6 Bf6 21. Rd6 Qe7 22. Qd5+ {1-0 Stolle,V (2178)-Wimmer,O (2093) Verbandsliga Sued Baden 1112 2011 (6.7)}) 12. Ne2 Bd6 13. Bxd6 Qxd6 14. Ne5 b5 15. b3 Bd7 16. Bb1 Rfc8 17. Qd3 Nc6 18. Ng4 Ne4 19. f3 Nb4 20. Qd1 Rxc1 21. Qxc1 Rc8 22. Qb2 Ng3 23. Nxg3 Qxg3 24. Ne5 Be8 25. Rc1 Nc6 26. Nd3 Qd6 27. Rc5 Ne7 28. b4 Bd7 29. Qc3 g6 30. Bc2 Rxc5 31. Nxc5 Nf5 32. Bxf5 gxf5 33. f4 f6 34. Kf2 Kf7 35. Kf3 Ke8 36. Qe1 Qe7 37. Nxa6 Kd8 38. Qc3 Be8 39. Qc5 Bh5+ 40. Kf2 Qd7 41. Qf8+ Be8 42. Qxf6+ Kc8 43. Nc5 Qa7 44. Qxe6+ Kc7 45. Qxe8 1-0

[Event "Olympiad Women 2024"]
[Site "Budapest HUN"]
[Date "2024.09.18"]
[Round "7.52"]
[Board "2"]
[White "Farrugia, Jamie"]
[Black "Kakulidis, Ellen"]
[Result "0-1"]
[WhiteElo "1733"]
[BlackElo "2048"]
[PlyCount "62"]
[EventDate "2024.09.11"]
[WhiteTeam "Malta"]
[BlackTeam "Denmark"]
[WhiteTeamCountry "MLT"]
[BlackTeamCountry "DEN"]

1. e4 e5 2. Nf3 Nc6 3. Bc4 Nf6 4. Ng5 d5 5. exd5 Na5 6. Bb5+ Bd7 7. Qe2 Bd6 8. Bxd7+ Qxd7 9. Nc3 c6 10. dxc6 Nxc6 11. O-O O-O 12. Nce4 Nxe4 13. Qxe4 f5 14. Qd5+ Kh8 15. d3 $146 ({RR} 15. c3 h6 16. Nh3 Qc7 17. d3 Rad8 18. Qc4 a6 19. Qh4 {½-½ Rollwitz,J (1916)-Schnaitmann,H (1997) MVP-ch Seniors op 16th 2016 (8.31)}) 15... h6 16. Nf3 Rae8 17. Be3 e4 18. Bf4 Rf6 19. Nh4 Nb4 20. Qb3 Bxf4 21. Qxb4 Bg5 22. g3 Bxh4 23. gxh4 Rg6+ 24. Kh1 exd3 25. cxd3 Qc6+ 26. f3 Qc2 27. Rg1 Re2 28. Qf4 Reg2 29. Rad1 Qf2 30. Qb8+ Kh7 31. Qxa7 Rxh2# 0-1

[Event "Olympiad Women 2024"]
[Site "Budapest HUN"]
[Date "2024.09.18"]
[Round "7.52"]
[Board "3"]
[White "Guindy, Esmat Susanne"]
[Black "Stagno, Milena"]
[Result "1/2-1/2"]
[WhiteElo "2015"]
[BlackElo "1664"]
[PlyCount "62"]
[EventDate "2024.09.11"]
[WhiteTeam "Denmark"]
[BlackTeam "Malta"]
[WhiteTeamCountry "DEN"]
[BlackTeamCountry "MLT"]

1. d4 d5 2. Nf3 Nf6 3. g3 Bf5 4. Bg2 c6 5. O-O h6 6. c4 e6 7. Qb3 Qb6 8. c5 Qxb3 9. axb3 Nbd7 ({RR} 9... Be7 10. b4 a6 11. Nc3 O-O 12. b5 cxb5 13. Nxb5 Nc6 14. Nc3 Nd7 15. Na2 b6 16. b4 bxc5 17. bxc5 Bf6 18. e3 Nxc5 19. Ba3 Nb3 20. Bxf8 Nxa1 21. Bd6 Nb3 22. Ne5 Nxe5 23. dxe5 Bd8 24. Nc3 {½-½ Oparin,G (2652)-Salinas Herrera,P (2514) Speed Chess Super Swiss blitz 2020 (3)}) 10. b4 a6 11. Nc3 O-O-O ({RR} 11... Rc8 12. h3 Be7 13. Bf4 Ne4 14. g4 Bh7 15. Nxe4 Bxe4 16. Ne5 Bxg2 17. Kxg2 f6 18. Ng6 Rg8 19. Nxe7 Kxe7 20. Bd6+ Kf7 21. f4 f5 22. Kf3 Nf6 23. Rg1 Ne4 24. Be5 g5 25. Ke3 Kg6 26. Raf1 {0-1 Yashmetov,M (2309)-Pranesh,M (2561) Titled Tue 25th Jun Early 2024 (7)}) 12. b5 $146 ({RR} 12. Bf4 g5 13. Be5 Nxe5 14. Nxe5 Rh7 15. Rfe1 Nd7 16. Nxd7 Rxd7 17. b5 cxb5 18. Nxb5 Bxc5 19. Rec1 axb5 20. Ra8+ Kc7 21. Rxc5+ Kb6 22. Bf1 Rc7 23. e4 Bxe4 24. Rxb5+ Kc6 25. Rd8 b6 26. Rb3 f5 {1-0 Kovalev,E (2120)-Bratkovic,J (1976) EU-ch U14 23rd 2013 (2)}) 12... cxb5 13. Bf4 g5 14. Be5 Bg7 15. Bd6 Nb8 16. Ne5 Bg6 17. Nxb5 axb5 18. Ra8 Nfd7 19. c6 bxc6 20. Nxc6 Kb7 21. Nxd8+ Rxd8 22. Ra5 Kb6 23. e3 Bf8 24. Bxb8 Nxb8 25. Rfa1 Nc6 26. Ra6+ Kb7 27. Bf1 b4 28. Bb5 Rc8 29. Bxc6+ Rxc6 30. Ra7+ Kb6 31. b3 Bd6 1/2-1/2

[Event "Olympiad Women 2024"]
[Site "Budapest HUN"]
[Date "2024.09.18"]
[Round "7.52"]
[Board "4"]
[White "Portelli, Martina"]
[Black "Durrfeld, Sofie Bech"]
[Result "0-1"]
[WhiteElo "1523"]
[BlackElo "1937"]
[PlyCount "110"]
[EventDate "2024.09.11"]
[WhiteTeam "Malta"]
[BlackTeam "Denmark"]
[WhiteTeamCountry "MLT"]
[BlackTeamCountry "DEN"]

1. e4 c5 2. c3 Nf6 3. e5 Nd5 4. d4 cxd4 5. cxd4 g6 6. Nf3 Bg7 7. Bc4 Nb6 8. Bb3 d6 ({RR} 8... O-O 9. O-O d6 10. Nc3 Nc6 11. Bf4 Bg4 12. Re1 Bxf3 13. gxf3 e6 14. Nb5 dxe5 15. dxe5 Nd7 16. Nd6 Ndxe5 17. Kg2 Qe7 18. Ne4 Rad8 19. Qc2 Nxf3 20. Re3 Nfd4 21. Qc4 Rd5 22. Ng3 Qf6 23. Bc7 {0-1 Lugovskoy,M (2474)-Fedoseev,V (2731) RUS-ch blitz 2017 (14)}) ({RR} 8... O-O 9. O-O d6 10. Qe2 Nc6 11. h3 Na5 12. Bc2 Be6 13. Rd1 Qc7 14. Nc3 Nd5 15. Bd2 Nb4 16. Bd3 Nxd3 17. Qxd3 Nc4 18. exd6 Qxd6 19. Rab1 Rac8 20. b3 Bf5 21. Ne4 Nxd2 22. Nxd6 Bxd3 23. Nxc8 {0-1 Mansurov,Y (1750)-Yanayt,E (2060) 16th Philadelphia Int 2023 (4)}) 9. O-O Nc6 10. exd6 $146 ({RR} 10. Re1 O-O 11. Nc3 Bg4 12. exd6 Qxd6 13. Be3 Rad8 14. Nb5 Qb8 15. h3 Bxf3 16. Qxf3 a6 17. Nc3 Bxd4 18. Bh6 Bg7 19. Bxg7 Kxg7 20. Ne4 Qe5 21. Nc3 Qf5 22. Qe3 Nc8 23. Bd5 N8a7 24. Be4 Qe5 {0-1 Kastelik,A (2091)-Cramling,P (2463) European Blitz 2022 (6.70)}) 10... Qxd6 11. Be3 O-O 12. Nc3 Bg4 13. h3 Bxf3 14. Qxf3 Nxd4 15. Qxb7 Nxb3 16. axb3 Rfb8 17. Qf3 Qf6 18. Qe4 Qe5 19. Qf3 Qe6 20. b4 Nc4 21. Rfe1 Qf6 22. Qxf6 Bxf6 23. Nd5 Rb7 24. Nxf6+ exf6 25. Bd4 f5 26. Ra6 Rd7 27. Bc3 Nb6 28. Ra5 Nd5 29. Kf1 Rc8 30. Rd1 Ne3+ 31. fxe3 Rxd1+ 32. Ke2 Rd7 33. Bd4 Kf8 34. Bxa7 Rc2+ 35. Kf3 Rdd2 36. Bc5+ Ke8 37. e4 fxe4+ 38. Kxe4 Rxb2 39. Ra8+ Rd8 40. Ra7 Re2+ 41. Kf3 Re5 42. Kf4 Re6 43. Kg5 Rd7 44. Ra8+ Rd8 45. Ra7 Rd2 46. Ra8+ Kd7 47. Ra7+ Kc6 48. Rxf7 Rxg2+ 49. Kh6 Rg3 50. Kxh7 Rxh3+ 51. Kg7 g5 52. Rf1 g4 53. Rg1 g3 54. Rg2 Kb5 55. Kf7 Ra6 0-1

[Event "Olympiad Women 2024"]
[Site "Budapest HUN"]
[Date "2024.09.18"]
[Round "7.53"]
[Board "1"]
[White "Smith, Olivia"]
[Black "Strade, Arita"]
[Result "1-0"]
[WhiteElo "2087"]
[BlackElo "1946"]
[PlyCount "53"]
[EventDate "2024.09.11"]
[WhiteTeam "Wales"]
[BlackTeam "Guernsey"]
[WhiteTeamCountry "WLS"]

1. e4 c5 2. Nf3 d6 3. Bb5+ Bd7 4. a4 g6 5. O-O Bg7 6. Re1 Nc6 ({RR} 6... e5 7. Nc3 Ne7 8. d3 O-O 9. Bc4 h6 10. Nd5 Nbc6 11. c3 Kh7 12. h3 f5 13. Nxe7 Nxe7 14. d4 fxe4 15. Rxe4 d5 16. Rh4 dxc4 17. Qe2 Nf5 18. Ng5+ Kh8 19. Qe4 Nxh4 20. Qxh4 exd4 21. cxd4 {0-1 Kantane,A (2248)-Osmonbekov,T (2109) Titled Tue 23rd Jul Late 2024 (9)}) 7. c3 Ne5 ({RR} 7... Nf6 8. h3 O-O 9. d4 cxd4 10. cxd4 d5 11. e5 Ne4 12. Nc3 a6 13. Bd3 Nxc3 14. bxc3 Rc8 15. Ba3 Na5 16. Bb4 Nc4 17. a5 Nb2 18. Qe2 Nxd3 19. Qxd3 Re8 20. Qe3 f6 21. e6 Bb5 22. h4 {0-1 Svidler,P (2723)-Ibrahimli,M (2436) Titled Tuesday intern op 22nd Dec blitz 2020 (7)}) 8. d3 $146 ({RR} 8. Nxe5 dxe5 9. Qe2 e6 10. d3 Ne7 11. Be3 b6 12. Na3 O-O 13. a5 Bxb5 14. Nxb5 Qd7 15. Na3 Rfd8 16. Red1 Nc6 17. axb6 axb6 18. h4 Bf6 19. h5 Na5 20. g3 b5 21. Kg2 Qc6 22. Nc2 Nb3 {1-0 Schwab,R (2265)-Hebesberger,T (2165) AUT-chT2O 9798 1997 (1)}) 8... a6 9. Bxd7+ Qxd7 10. Nxe5 dxe5 11. Be3 Rc8 12. Na3 e6 13. Nc4 Qc7 14. b4 cxb4 15. cxb4 Ne7 16. Rc1 Qb8 17. Bc5 Rd8 18. b5 axb5 19. axb5 Bf8 20. Qb3 f6 21. d4 exd4 22. e5 fxe5 23. Nxe5 Rd5 24. Ng4 Kf7 25. Bxd4 Rxd4 26. Qxe6+ Kg7 27. Qf6+ 1-0

[Event "Olympiad Women 2024"]
[Site "Budapest HUN"]
[Date "2024.09.18"]
[Round "7.53"]
[Board "2"]
[White "Nevska, Gerda"]
[Black "Camp, Imogen A L"]
[Result "0-1"]
[WhiteElo "1892"]
[BlackElo "1923"]
[PlyCount "86"]
[EventDate "2024.09.11"]
[WhiteTeam "Guernsey"]
[BlackTeam "Wales"]
[BlackTeamCountry "WLS"]

1. d4 d5 2. c4 e6 3. cxd5 exd5 4. Nc3 Nf6 5. Nf3 c6 6. Bg5 Be7 7. e3 h6 8. Bh4 Bf5 9. Bd3 Bxd3 10. Qxd3 Nbd7 11. O-O O-O 12. Rae1 ({RR} 12. a3 a5 13. Bg3 Re8 14. Rfe1 Qb6 15. Rab1 Bf8 16. Ne5 Nxe5 17. Bxe5 Nd7 18. Bg3 Re6 19. Ne2 Rae8 20. Nf4 Re4 21. f3 R4e7 22. Bf2 Nf6 23. b4 axb4 24. axb4 Rd7 25. b5 c5 26. dxc5 Bxc5 {0-1 Yermolinsky,A (2597)-Ivanchuk,V (2714) Hoogovens 5' blitz 1999 (8)}) 12... Re8 13. Nd2 $146 ({RR} 13. Bxf6 Bxf6 14. e4 dxe4 15. Nxe4 Re6 16. Re2 Be7 17. Rfe1 Bf8 18. h3 Qa5 19. Nc3 Rxe2 20. Rxe2 Rd8 21. Qe4 Nf6 22. Qh4 Qh5 23. Qf4 Bd6 24. Ne5 Re8 25. Re3 Qg5 26. Nd7 Rd8 27. Nxf6+ gxf6 {½-½ Mustafayev,N (2008)-Taspinar,Y (2307) 6th Baskent University Op 2023 (2.16)}) ({RR} 13. Ne5 Nxe5 14. dxe5 Nd7 15. Bxe7 Qxe7 16. f4 Rad8 17. e4 Nc5 18. Qf3 d4 19. Ne2 d3 20. Ng3 Ne6 21. Rd1 Qc5+ 22. Kh1 d2 23. Nf5 Qc2 24. Nd6 Re7 25. f5 Nd4 26. Qg3 Ne2 27. Qg4 Rxe5 {0-1 Le Goff,R (2222)-Shirov,A (2666) Titled Tue 3rd Sep Late 2024 (7)}) ({RR} 13. Qf5 Bb4 14. Ne5 Bxc3 15. bxc3 Nxe5 16. dxe5 Qd7 17. Qd3 Rxe5 18. Bxf6 gxf6 19. f4 Re4 20. Rf3 Qf5 21. Kf2 Kf8 22. Rd1 Rae8 23. Rb1 b5 24. Rg1 h5 25. h3 h4 26. g4 hxg3+ 27. Rfxg3 Ke7 {½-½ Nikolov,N-Krastev,G (1996) Sofia Asenova&Ivanova Memorial 2010 (7)}) 13... Ne4 14. Bxe7 Qxe7 15. f3 Nxd2 16. Qxd2 Qg5 17. Qf2 f5 18. h4 Qg6 19. Ne2 Nf8 20. Nf4 Qd6 21. h5 Re7 22. Qh4 Rae8 23. Kf2 c5 24. Nd3 c4 25. Ne5 b5 26. a3 a5 27. e4 dxe4 28. Rd1 Qb6 29. Kg3 e3 30. Rfe1 Ne6 31. Ng6 f4+ 32. Nxf4 Qd6 33. d5 Nc5 34. Kh3 Re5 35. Re2 Nd7 36. g4 Nf6 37. Qg3 Qc5 38. Ne6 R8xe6 39. dxe6 Nxh5 40. Rd8+ Kh7 41. Qh2 Nf6 42. f4 Rh5+ 43. gxh5 Qxh5+ 0-1

[Event "Olympiad Women 2024"]
[Site "Budapest HUN"]
[Date "2024.09.18"]
[Round "7.53"]
[Board "3"]
[White "Smith, Lynda"]
[Black "Denning, Julie L"]
[Result "1-0"]
[WhiteElo "1831"]
[BlackElo "1741"]
[PlyCount "73"]
[EventDate "2024.09.11"]
[WhiteTeam "Wales"]
[BlackTeam "Guernsey"]
[WhiteTeamCountry "WLS"]

1. e4 e5 2. Nf3 Nc6 3. Bb5 a6 4. Bxc6 dxc6 5. d4 exd4 6. Qxd4 Qxd4 7. Nxd4 Bd7 8. Be3 Ne7 ({RR} 8... Bd6 9. Nd2 Ne7 10. O-O-O Ng6 11. h4 h5 12. Nc4 Be7 13. g3 O-O-O 14. f4 c5 15. Nf5 Bf8 16. Bf2 Re8 17. Rhe1 f6 18. Nd2 Ne7 19. Nxe7+ Bxe7 20. Kb1 Bg4 21. Rc1 b6 22. Nc4 Bd6 23. e5 {½-½ Palencia Morales,W (2362)-Carrillo Parra,M (2112) Feria de las Flores 28th 2021 (3)}) ({RR} 8... Nf6 9. f3 O-O-O 10. Nd2 h6 11. O-O-O g5 12. g4 Re8 13. h4 Rg8 14. Nf1 Nxg4 15. fxg4 Bxg4 16. Re1 Rxe4 17. Nd2 Re8 18. hxg5 h5 19. Rhf1 Be7 20. Bf4 Kd7 21. Ne4 c5 22. Nf3 Bxf3 23. Rxf3 {½-½ Smith,L (1920)-James,A (2095) Olympiad Women-41 2014 (11.4)}) 9. Nd2 O-O-O $146 ({RR} 9... c5 10. Ne2 Nc6 11. O-O-O O-O-O 12. f3 b6 13. Nf4 Ne5 14. Nd5 Be6 15. Bg5 Rd6 16. Bf4 f6 17. Bxe5 fxe5 18. Nc4 Rd8 19. Nxe5 Kb7 20. Nf4 Re8 21. Nxe6 Rxe6 22. Nf7 {1-0 Tuovinen,J-Pentikainen,T Vantaa op1 2000 (1)}) ({RR} 9... g6 10. Ne2 Bg7 11. Bd4 O-O 12. Bxg7 Kxg7 13. O-O-O Rad8 14. Nf4 f5 15. e5 g5 16. Nd3 b6 17. h4 g4 18. Rhe1 Be6 19. Nf4 Kf7 20. g3 c5 21. f3 gxf3 22. Nxf3 h6 23. Rf1 Nc6 24. h5 {½-½ Velema,S-Van Hengel,H Hengelo U20 op 1998}) ({RR} 9... Ng6 10. f4 c5 11. N4f3 f6 12. O-O-O b6 13. f5 Ne7 14. Bf4 O-O-O 15. Nc4 Bb5 16. Rxd8+ Kxd8 17. Ne3 Bc6 18. Rd1+ Kc8 19. Nd2 g5 20. Bg3 h5 {½-½ Zapata,A (2477)-Uribe,M (2355) Bridgetown Heroes Day 2011 (9)}) 10. f3 g6 11. N2b3 Bg7 12. c3 f5 13. Nc5 Rhe8 14. Nde6 Bxc3+ 15. bxc3 Bxe6 16. Nxe6 Rd6 17. Nc5 fxe4 18. Nxe4 Re6 19. Kf2 Nd5 20. c4 Nb6 21. Bxb6 cxb6 22. Rad1 Kc7 23. Rhe1 Re5 24. Ng5 Rxe1 25. Rxe1 Rxe1 26. Kxe1 h5 27. Kd2 b5 28. cxb5 axb5 29. Ne6+ Kd6 30. Nf4 c5 31. Nxg6 b4 32. g4 hxg4 33. fxg4 c4 34. h4 Kd5 35. Kc2 Ke6 36. h5 Kf6 37. Nf4 1-0

[Event "Olympiad Women 2024"]
[Site "Budapest HUN"]
[Date "2024.09.18"]
[Round "7.54"]
[Board "1"]
[White "Laamim, Roaa"]
[Black "Fuad Kamel Jamaliah, Natalie"]
[Result "1-0"]
[WhiteElo "1879"]
[BlackElo "2003"]
[PlyCount "37"]
[EventDate "2024.09.11"]
[WhiteTeam "Morocco"]
[BlackTeam "Jordan"]
[WhiteTeamCountry "MAR"]
[BlackTeamCountry "JOR"]

1. e4 c5 2. c3 d5 3. exd5 Qxd5 4. d4 e6 5. Na3 cxd4 6. Nb5 Qe4+ 7. Qe2 Qxe2+ 8. Nxe2 Na6 9. Nexd4 Bd7 10. Bf4 Nf6 11. Nd6+ $146 ({RR} 11. Bd6 Ne4 12. Bxf8 Kxf8 13. f3 Nf6 14. O-O-O Nd5 15. Rd2 Nc5 16. Bd3 a6 17. Nd6 Ke7 18. Ne4 Rhc8 {½-½ Fekete,L-Braun,M HUN-chT U18 Hungary 1997}) 11... Bxd6 12. Bxd6 Rc8 13. Nb5 Bxb5 14. Bxb5+ Nd7 15. O-O-O Nc7 16. Bxc7 Rxc7 17. Rxd7 Rc5 18. Rc7+ Rxb5 19. Rc8+ 1-0

[Event "Olympiad Women 2024"]
[Site "Budapest HUN"]
[Date "2024.09.18"]
[Round "7.54"]
[Board "2"]
[White "Serina Arafat"]
[Black "Chemaou lilya"]
[Result "0-1"]
[WhiteElo "1552"]
[BlackElo "1565"]
[PlyCount "100"]
[EventDate "2024.09.11"]
[WhiteTeam "Jordan"]
[BlackTeam "Morocco"]
[WhiteTeamCountry "JOR"]
[BlackTeamCountry "MAR"]

1. d4 Nf6 2. Nf3 g6 3. Bg5 Bg7 4. e3 O-O 5. Bd3 d6 6. Nbd2 c5 7. c3 Nc6 8. Rc1 ({RR} 8. dxc5 dxc5 9. Qc2 Qc7 10. h3 Nd5 11. a3 Be6 12. O-O Rad8 13. Bh4 h6 14. Rad1 b6 15. Rfe1 Qc8 16. Bg3 Nf6 17. Bh2 Nd7 18. Bc4 Bxc4 19. Nxc4 b5 20. Ncd2 Nb6 21. Ne4 c4 22. Nd4 a6 {0-1 Indjic,A (2620)-Nepomniachtchi,I (2763) Wch Blitz St Petersburg 2018 (9)}) ({RR} 8. Bxf6 Bxf6 9. dxc5 dxc5 10. Ne4 Bg4 11. Nxc5 Qb6 12. Nb3 Rfd8 13. Qe2 a5 14. Nbd4 Ne5 15. Be4 Nd7 16. Qb5 Qxb5 17. Nxb5 Nc5 18. Bc2 a4 19. O-O Ra5 20. Na3 Bxf3 21. gxf3 b5 22. Rad1 Rb8 {0-1 Harper,R (2173)-Ramoutar,A (2332) SCC & ChessWork Inv 2024 (5.4)}) 8... Rb8 $146 ({RR} 8... b6 9. O-O Bb7 10. Re1 Ne8 11. h3 Qd7 12. Qe2 f6 13. Bh4 f5 14. Bb5 a6 15. Ba4 b5 16. Bb3+ c4 17. Bc2 d5 18. Bg3 Nd6 19. h4 Nf7 20. Bf4 h6 21. Nf1 Nd6 22. Ng3 Ne4 23. Nxe4 {½-½ Frommann,W (1615)-Baumann,W Wuerttemberg-ch Seniors 10th 1998 (3)}) ({RR} 8... Qa5 9. Bb1 Bg4 10. O-O cxd4 11. cxd4 Be6 12. Nc4 Bxc4 13. Rxc4 d5 14. Rc5 Qd8 15. Bxf6 Bxf6 16. Qb3 e6 17. Qxb7 Na5 18. Qc7 Nc4 19. b3 Nb6 20. Rfc1 Qxc7 21. Rxc7 Rfc8 22. Ne5 Bxe5 23. dxe5 {0-1 Mena,J (1825)-Martinez Zazo,J (1930) Navarra-chT Preferente 9798 1997 (4)}) ({RR} 8... h6 9. Bh4 g5 10. Bg3 Nh5 11. Bb1 f5 12. Qc2 e5 13. dxe5 dxe5 14. O-O e4 15. Ne1 Be6 16. Rd1 Qe7 17. Nxe4 fxe4 18. Bd6 Qf7 19. Bxf8 Rxf8 20. Qxe4 Bf5 21. Qxf5 Qxf5 22. Bxf5 Rxf5 23. Rd7 {0-1 Joachim,C (1767)-Krastev,A (2340) GER-ch Net blitz qual4 2020 (6)}) 9. Bb1 b5 10. Qc2 b4 11. dxc5 dxc5 12. cxb4 Nxb4 13. Qxc5 Be6 14. O-O Nxa2 15. Bxa2 Bxa2 16. Rcd1 Qb6 17. Qxe7 Rb7 18. Qa3 Qxb2 19. Qxb2 Rxb2 20. Bxf6 Bxf6 21. Ne4 Be7 22. Rd7 Ba3 23. Rxa7 Bc4 24. Rc1 Ra2 25. Rd1 Rb8 26. Nc3 Bb3 27. Nxa2 Bxd1 28. Rxa3 Rb1 29. Ra8+ Kg7 30. h3 Bxf3+ 31. Kh2 Bxa8 32. Nc3 Rc1 33. Ne2 Rc2 34. Nf4 Rxf2 35. Kg3 Ra2 36. h4 Ra3 37. Kf2 h5 38. Ke2 Ra2+ 39. Kd3 Bxg2 40. Nxg2 Rxg2 41. Ke4 g5 42. hxg5 Rxg5 43. Kf4 f6 44. e4 h4 45. e5 h3 46. e6 h2 47. e7 Kf7 48. e8=Q+ Kxe8 49. Ke3 h1=Q 50. Kf2 Qg2+ 0-1

[Event "Olympiad Women 2024"]
[Site "Budapest HUN"]
[Date "2024.09.18"]
[Round "7.54"]
[Board "3"]
[White "El Harrak, Maryam"]
[Black "Boshra, Alshaeby"]
[Result "0-1"]
[WhiteElo "1639"]
[BlackElo "1939"]
[PlyCount "81"]
[EventDate "2024.09.11"]
[WhiteTeam "Morocco"]
[BlackTeam "Jordan"]
[WhiteTeamCountry "MAR"]
[BlackTeamCountry "JOR"]

1. d4 Nf6 2. c4 e6 3. Nc3 Bb4 4. Nf3 Bxc3+ 5. bxc3 O-O 6. Bg5 h6 ({RR} 6... d5 7. e3 Nbd7 8. Bd3 h6 9. Bh4 dxc4 10. Bxc4 Nb6 11. Bb3 Nbd5 12. Qd3 g5 13. e4 Nf4 14. Qc2 Nxg2+ 15. Kf1 Nxh4 16. Nxh4 gxh4 17. e5 Nh5 18. Rg1+ Kh8 19. Qd2 Qg5 20. Rxg5 hxg5 21. Qxg5 {1-0 Simoncini,L (1535)-Teixeira,P VIII SESC Caioba Open 2024 (3.94)}) 7. Bh4 d6 8. e3 Qe7 $146 ({RR} 8... b6 9. Bd3 Ba6 10. Nd2 Nc6 11. f4 Na5 12. Qe2 Bb7 13. O-O d5 14. e4 dxe4 15. Nxe4 Bxe4 16. Bxe4 Rb8 17. Rad1 Qe7 18. Bb1 Rfd8 19. f5 e5 20. dxe5 Qc5+ 21. Bf2 Qxc4 22. Qxc4 Nxc4 23. exf6 {1-0 Moroni,L (2558)-Svetlov,D (2358) Titled Tuesday intern op 29th June blitz 2021 (5)}) ({RR} 8... Nc6 9. Nd2 e5 10. Bd3 Re8 11. O-O g5 12. Bg3 e4 13. Bc2 Qe7 14. f3 exf3 15. Qxf3 Qxe3+ 16. Qxe3 Rxe3 17. Rxf6 Rxc3 18. Bd1 Nxd4 19. Bf2 Rd3 20. Nb3 Nxb3 21. axb3 Kg7 22. Rf3 Rxd1+ 23. Rxd1 {½-½ Gaprindashvili,N (2485)-Lehmann,K (2340) Berlin Neukoelln 1988}) ({RR} 8... Nc6 9. Bd3 Qe7 10. Nd2 e5 11. O-O Bd7 12. Rb1 b6 13. Rb2 Rae8 14. Bb1 g5 15. Bg3 Nh7 16. c5 f5 17. cxd6 cxd6 18. f4 gxf4 19. exf4 e4 20. Nc4 Kh8 21. d5 Nd8 22. Bf2 Nb7 23. Bd4+ {1-0 Czebe,A (2355)-Torok,J (2260) HUN-ch U20 Paks 1994}) 9. Bd3 e5 10. e4 Nc6 11. O-O Bg4 12. d5 Na5 13. Re1 g5 14. Bg3 b6 15. Qd2 Bxf3 16. gxf3 Nh5 17. Be2 Qf6 18. Kg2 Kh8 19. Rf1 Rg8 20. Rg1 Rg7 21. Kh1 Rag8 22. Rg2 Nb7 23. Rag1 Nc5 24. Qe3 Rg6 25. h3 Nf4 26. Rh2 Qd8 27. Qd2 R8g7 28. Rf1 Kg8 29. h4 Qd7 30. h5 Rf6 31. Rg1 Qa4 32. Bxf4 Rxf4 33. Ra1 Qa3 34. Qc2 g4 35. fxg4 Nxe4 36. Bd3 Qxc3 37. Qxc3 Nxc3 38. a4 a5 39. Rc1 Rfxg4 40. f3 Rg3 41. Bc2 0-1

[Event "Olympiad Women 2024"]
[Site "Budapest HUN"]
[Date "2024.09.18"]
[Round "7.54"]
[Board "4"]
[White "Ruba Al-Qudah"]
[Black "El Barbry, Sarah"]
[Result "1-0"]
[WhiteElo "1937"]
[BlackElo "1862"]
[PlyCount "101"]
[EventDate "2024.09.11"]
[WhiteTeam "Jordan"]
[BlackTeam "Morocco"]
[WhiteTeamCountry "JOR"]
[BlackTeamCountry "MAR"]

1. e4 e5 2. Bc4 Nf6 3. d3 c6 4. Nf3 d5 5. exd5 cxd5 6. Bb3 Bd6 ({RR} 6... Bb4+ 7. c3 Bd6 8. O-O Be6 9. Re1 Nbd7 10. Bg5 O-O 11. Nbd2 h6 12. Bh4 Rc8 13. Bg3 Qc7 14. Nf1 Rfe8 15. h3 Qb8 16. Re3 Bf5 17. Qe2 e4 18. dxe4 dxe4 19. Nd4 Bxg3 20. Rxg3 Bh7 21. Ne3 {½-½ Kantans,T (2500)-Gharibyan,M (2494) Riga Tech Open A 2023 (6.3)}) ({RR} 6... Bb4+ 7. Bd2 Bxd2+ 8. Nbxd2 Nc6 9. O-O O-O 10. h3 Bf5 11. Re1 Re8 12. Nf1 h6 13. Ng3 Bh7 14. c3 Qb6 15. d4 e4 16. Nh2 Na5 17. Nhf1 Rad8 18. Ne3 Kh8 {½-½ Flis,P (1980)-Berg,A (2079) World Senior Teams +50 2024 (5.3)}) 7. O-O O-O 8. Nc3 e4 $146 ({RR} 8... d4 9. Ne2 h6 10. Ng3 Nc6 11. Re1 Re8 12. Bd2 a5 13. a4 Be6 14. c3 Qb6 15. Bxe6 Rxe6 16. Qc2 Bc5 17. Re2 Rd8 18. c4 Bb4 19. Qb3 Qc7 20. Rae1 Rde8 21. Qc2 Bxd2 22. Qxd2 Qb6 23. h3 {0-1 Regis,G (2137)-Dunsbach,R (2196) Hessenliga 1011 2010 (3.4)}) ({RR} 8... d4 9. Ne2 Bg4 10. Ng3 Nc6 11. h3 Be6 12. Qe2 Re8 13. Ng5 Bxb3 14. axb3 h6 15. N5e4 Nxe4 16. Qxe4 Qd7 17. Nf5 Bf8 18. Qg4 Kh7 19. Nxh6 Qxg4 20. Nxg4 f5 21. Nh2 Nb4 22. Bd2 Nxc2 23. Ra4 {0-1 Christensen,V (1968)-Celander,A Politiken Cup 32nd 2010 (5)}) ({RR} 8... d4 9. Ne2 Nbd7 10. Ng3 Nc5 11. Bc4 Be6 12. b4 Ncd7 13. Bxe6 fxe6 14. Bd2 Qe7 15. a3 Rac8 16. Rc1 Nd5 17. Ne4 a5 18. bxa5 Bxa3 19. Rb1 Rc7 20. Rb5 Ra8 21. Qb1 Ra7 22. Qb3 h6 23. Ra1 {1-0 Erdogdu,M (2440)-Saric,A (2513) Kalamaria op 5th 2008 (7)}) 9. dxe4 dxe4 10. Ng5 h6 11. Ngxe4 Nxe4 12. Nxe4 Bxh2+ 13. Kxh2 Qh4+ 14. Kg1 Qxe4 15. Re1 Qh4 16. Qf3 Nc6 17. Bxf7+ Kh8 18. Qh5 Qf6 19. Re8 Rxe8 20. Bxe8 Ne5 21. Bb5 Bg4 22. Qh2 Rd8 23. Be3 Rd5 24. c4 Rd8 25. Bxa7 b6 26. Bxb6 Nd3 27. Bxd8 Qxb2 28. Rf1 Be2 29. Qb8 Kh7 30. c5 Nxc5 31. Bd3+ Nxd3 32. Qxb2 Nxb2 33. Rb1 Na4 34. Rb4 Nc5 35. a4 Kg6 36. Be7 Na6 37. Re4 Bd3 38. Rd4 Be2 39. f3 Nc7 40. Kf2 Ba6 41. Bd8 Ne8 42. Re4 Kf7 43. Re7+ Kf8 44. Ra7 Bc4 45. a5 Kg8 46. a6 Nd6 47. Rd7 Bxa6 48. Rxd6 Bc8 49. Bf6 Kf7 50. Bc3 g6 51. Rf6+ 1-0

[Event "Olympiad Women 2024"]
[Site "Budapest HUN"]
[Date "2024.09.18"]
[Round "7.55"]
[Board "1"]
[White "Karelina, Polina"]
[Black "Marape, Naledi"]
[Result "0-1"]
[WhiteElo "1898"]
[BlackElo "1926"]
[PlyCount "42"]
[EventDate "2024.09.11"]
[WhiteTeam "Bahamas"]
[BlackTeam "Botswana"]
[WhiteTeamCountry "BAH"]
[BlackTeamCountry "BOT"]

1. e4 c5 2. Nf3 d6 3. d4 cxd4 4. Nxd4 Nf6 5. Nc3 a6 6. f4 Nbd7 7. a4 g6 8. Be3 ({RR} 8. Bc4 Bg7 9. Nf3 O-O 10. Qe2 e6 11. O-O Qc7 12. Kh1 d5 13. exd5 Nb6 14. Bb3 Nbxd5 15. Nxd5 exd5 16. Ne5 Bf5 17. Be3 Nd7 18. Bd4 Rae8 19. Bxd5 {½-½ Sax,G (2600)-Gelfand,B (2680) Interzonal-15 1990 (6)}) 8... Bg7 9. Bc4 $146 ({RR} 9. Bd3 Nc5 10. Nb3 Nxb3 11. cxb3 O-O 12. Bc4 Qa5 13. Bd2 Bg4 14. Qc2 Qc5 15. h3 b5 16. Bd3 Bd7 17. b4 Qb6 18. a5 Qa7 19. Ke2 Qd4 20. Nd1 Rac8 21. Bc3 Qa7 22. Qd2 Nh5 23. Qe3 Qxe3+ {0-1 Hamann,S (2355)-Clausen,S (2275) Taastrup 1994 (3)}) ({RR} 9. Be2 b6 10. Bf3 Bb7 11. O-O O-O 12. Qe2 Rc8 13. Rad1 Qc7 14. Kh1 Nc5 15. Bc1 e5 16. Nb3 Ne6 17. fxe5 dxe5 18. Bg5 h6 19. Bxf6 Bxf6 20. Bg4 Qe7 21. Nd5 Bxd5 22. exd5 Nf4 23. Qf2 Rcd8 {1-0 Huang,W (1860)-Maria,L (1587) Wch FIDE Online U12 Girls Europe qual rapid 2020 (4)}) 9... Qc7 10. Bb3 Nc5 11. O-O Ncxe4 12. Nxe4 Nxe4 13. f5 Nf6 14. Qd2 O-O 15. Kh1 d5 16. Bf4 Qc5 17. Be5 Ne4 18. Qf4 g5 19. Qg4 Bxe5 20. h4 Qxd4 21. Rf3 Nf2+ 0-1